|
|
|
|
| LEADER |
00000nam0a2200000 4500 |
| 001 |
62322 |
| 005 |
20231031063346.0 |
| 010 |
|
|
|a 5020064025
|
| 035 |
|
|
|a (RuTPU)RU\TPU\book\66088
|
| 090 |
|
|
|a 62322
|
| 100 |
|
|
|a 20040408d2001 k y0rusy50 ca
|
| 101 |
0 |
|
|a rus
|
| 102 |
|
|
|a RU
|
| 105 |
|
|
|a a z 001zy
|
| 200 |
1 |
|
|a Модели тепловой конвекции в мантии и ядре Земли
|f В. К. Булгаков, С. В. Соловьев
|
| 210 |
|
|
|a Москва
|c Наука
|d 2001
|
| 215 |
|
|
|a 239 с.
|c ил.
|
| 320 |
|
|
|a Библиогр.: с. 231-238.
|
| 610 |
1 |
|
|a Земля
|
| 610 |
1 |
|
|a мантия
|
| 610 |
1 |
|
|a ядро
|
| 610 |
1 |
|
|a тепловая конвекция
|
| 610 |
1 |
|
|a модели
|
| 610 |
1 |
|
|a литосфера
|
| 610 |
1 |
|
|a теплообмен
|
| 610 |
1 |
|
|a магнитная гидродинамика
|
| 610 |
1 |
|
|a океаническая литосфера
|
| 610 |
1 |
|
|a поддвиг
|
| 610 |
1 |
|
|a магнитное поле
|
| 610 |
1 |
|
|a генерация
|
| 675 |
|
|
|a 551.14
|v 3
|
| 675 |
|
|
|a 551.16
|v 3
|
| 700 |
|
1 |
|a Булгаков
|b В. К.
|g Виктор Кирсанович
|
| 701 |
|
1 |
|a Соловьев
|b С. В.
|g Сергей Викторович
|
| 712 |
0 |
2 |
|a Российская Академия наук
|b Дальневосточное отделение
|2 stltpush
|3 (RuTPU)RU\TPU\col\4387
|
| 712 |
0 |
2 |
|a Хабаровский Государственный Технический Университет
|2 stltpush
|3 (RuTPU)RU\TPU\col\5101
|
| 801 |
|
1 |
|a RU
|b 63413507
|c 20040408
|g PSBO
|
| 801 |
|
2 |
|a RU
|b 63413507
|c 20081010
|g PSBO
|
| 942 |
|
|
|c BK
|